Statistiche per Paesi Europei - Digita la prima lettera

Clicka qui per fare il quiz!

Statistiche generali

  • Questo quiz è stato fatto 3.165 volte
  • Il punteggio medio è 33 su 45

Risposte nella Mappa

Le risposte nella mappa del quiz sottostante sono codificate secondo una scala di colori dal rosso al verde in base alla % di persone che hanno risposto correttamente.
 

Statistiche sulle risposte

Paese% Corretto
Città del Vaticano
76%
Finlandia
76%
Croazia
75%
Francia
75%
Irlanda
75%
Islanda
75%
Lituania
75%
Lussemburgo
75%
Macedonia del Nord
75%
Malta
75%
Monaco
75%
Slovenia
75%
Spagna
75%
Svezia
75%
Ucraina
75%
Albania
74%
Belgio
74%
Bielorussia
74%
Bosnia ed
Erzegovina
74%
Estonia
74%
Germania
74%
Grecia
74%
Italia
74%
Lettonia
74%
Norvegia
74%
Polonia
74%
Portogallo
74%
Regno Unito
74%
Russia
74%
Svizzera
74%
Andorra
73%
Austria
73%
Danimarca
73%
Kosovo
73%
Liechtenstein
73%
Montenegro
73%
Paesi Bassi
73%
Repubblica Ceca
73%
Romania
73%
San Marino
73%
Serbia
73%
Slovacchia
73%
Bulgaria
72%
Moldavia
72%
Ungheria
72%

Distribuzione punteggi

Percentile per numero di risposta

Percentuale di utenti per punteggio

I tuoi punteggi nel tempo

Non hai fatto questo quiz